عازب من الشرق / (Record no. 15885)
[ view plain ]
| 000 -الفاتح | |
|---|---|
| حقل البيانات ثابتة الطول | 00801nam a22002177a 4500 |
| 008 - عناصر البيانات ثابتة الطول - معلومات عامة | |
| حقل البيانات ثابتة الطول | 110821t xxu||||| |||| 00| 0 ara d |
| 020 ## - الرقم الدولى المعيارى للكتب | |
| الرقم الدولى المعيارى للكتاب | 9770808970 |
| 082 ## - رقم تصنيف ديوى العشرى | |
| رقم الطبعة | 22 |
| رقم التصنيف | 305.4 |
| رقم المادة | أ ح م |
| 100 1# - المدخل الرئيسى - إسم شخصى | |
| 9 (RLIN) | 26824 |
| الإسم الشخصى | أحمد ، مصطفى كمال |
| 245 ## - بيان العنوان | |
| العنوان | عازب من الشرق / |
| بيان المسئوليه,etc | مصطفى كمال أحمد |
| 260 ## - PUBLICATION, DISTRIBUTION, ETC. (IMPRINT) | |
| مكان الناشر او الموزع | [د . م] : |
| اسم الناشر او الموزع | [د . ن] ، |
| تاريخ النشر أو التوزيع | [1999]. |
| 300 ## - الوصف المادى | |
| التعداد | 328 ص ؛ |
| أبعاد الوعاء | 24 سم. |
| 650 ## - المدخل الاضافى بالموضوع-مصطلح موضوعى | |
| 9 (RLIN) | 26819 |
| مصطلح موضوعي أو اسم جغرافي كعنصر مدخل | المرأة |
| 650 ## - المدخل الاضافى بالموضوع-مصطلح موضوعى | |
| 9 (RLIN) | 26820 |
| مصطلح موضوعي أو اسم جغرافي كعنصر مدخل | الحب |
| 650 ## - المدخل الاضافى بالموضوع-مصطلح موضوعى | |
| 9 (RLIN) | 26821 |
| مصطلح موضوعي أو اسم جغرافي كعنصر مدخل | العواطف |
| 650 ## - المدخل الاضافى بالموضوع-مصطلح موضوعى | |
| 9 (RLIN) | 26822 |
| مصطلح موضوعي أو اسم جغرافي كعنصر مدخل | العزوبية |
| 650 ## - المدخل الاضافى بالموضوع-مصطلح موضوعى | |
| 9 (RLIN) | 26823 |
| مصطلح موضوعي أو اسم جغرافي كعنصر مدخل | الانفعالات النفسية |
| 653 ## - مصطلح تكشيفى غير مقيد | |
| Resource For college | |
| Arrived date list | August2011 |
| 942 ## - عناصر المدخل الإضافي( كوها) | |
| مصدر التصنيف او مخطط الترفيف | Dewey Decimal Classification |
| Koha [default] item type | Book - Borrowing |
| حالة التراجع | حالة الفقد | مصدر التصنيف او خطة الترفيف | حالة تلف | ليس للاعارة | مجموعات كوها | المكان الدائم | المكان الحالي | موقع الترفيف | تاريخ الاكتساب | Source of acquisition | رقم الاستدعاء | الباركود | Date last seen | نوع الوعاء |
|---|---|---|---|---|---|---|---|---|---|---|---|---|---|---|
| Dewey Decimal Classification | Alef-Baa | Central Library | Central Library | First floor | 21/08/2011 | 305.4 أ ح م | 000024602 | 15/07/2025 | Book - Borrowing |